Historia de la fealdad
Guardat en:
| Autor principal: | |
|---|---|
| Format: | Llibre |
| Idioma: | espanyol |
| Publicat: |
Barcelona
Lumen
2007
|
| Edició: | 1a. ed |
| Matèries: | |
| Etiquetes: |
Afegir etiqueta
Sense etiquetes, Sigues el primer a etiquetar aquest registre!
|
MARC
| LEADER | 00000cam a2200000 a 4500 | ||
|---|---|---|---|
| 001 | UCI9234 | ||
| 003 | CL-VaPUC | ||
| 008 | 081030e20071100SP |||||||||||||||||spa|d | ||
| 020 | |a 9788426416346 | ||
| 082 | 0 | 4 | |a 701.17 |b ECO |2 21 |
| 100 | 0 | |a Eco, Umberto |e author |9 532864 | |
| 245 | 1 | 0 | |a Historia de la fealdad |
| 250 | |a 1a. ed | ||
| 300 | |a 454 p | ||
| 942 | |c BK | ||
| 945 | |d 20081030 00:00:00 |a jtorresc | ||
| 260 | |a Barcelona |b Lumen |c 2007 | ||
| 650 | 0 | |a Estética |9 264950 | |
| 650 | 0 | |a Cultura |9 269059 | |
| 650 | 0 | |a Belleza |9 265712 | |
| 650 | 7 | |a CIVILIZACION OCCIDENTAL |2 CL-VaPUC |9 315932 | |
| 583 | |a last modification |c 20130327 12:31:37 |k Rodrigo Vera | ||
| 999 | |c 331813 |d 331811 | ||
| 952 | |0 0 |1 0 |4 0 |6 701_170000000000000_ECO_2007 |7 0 |8 A |9 418947 |a BIBARQ |b BIBARQ |d 2019-11-22 |i 456894K |l 2 |m 1 |o 701.17 ECO 2007 |p 456894K |r 2025-01-20 |s 2023-04-11 |w 2019-11-22 |y BK |k ARQ | ||
| 952 | |0 0 |1 0 |4 0 |6 701_170000000000000_ECO_2007 |7 0 |8 X |9 418948 |a FDOBUD |b FDOBUD |d 2019-11-22 |i 4861442 |o 701.17 ECO 2007 |p 4861442 |r 2019-11-22 |w 2019-11-22 |y BK_X |k BUD | ||